Diseño geométrico y drenaje vial del empalme Terrabona- Terrabona, Matagalpa, Usando el Software AutoCAD Civil 3D
Expone el diseño geométrico a implementarse en un camino ofrece un mejor nivel de servicio al usuario certificando las mejoras de la vía acondicionándola a su entorno panorámico, usando las normas para Diseño Geométrico de las Carreteras Regionales, SIECA, edición 2004.
| Main Author: | |
|---|---|
| Other Authors: | |
| Format: | Tesis Section = Libro |
| Language: | Undetermined Spanish |
| Published: |
Managua
UNI
2015
|
| Subjects: |
| LEADER | 01164nam a2200277Ia 4500 | ||
|---|---|---|---|
| 008 | 240830s9999 xx 000 0 und d | ||
| 040 | |a BIBLIOTECA-RUPAP Mon 625.72 P438 | ||
| 041 | |a spa | ||
| 082 | |a Mon 625.72 P438 | ||
| 100 | 1 | |a Pérez Montenegro, Freddy Junieth | |
| 245 | 1 | 0 | |a Diseño geométrico y drenaje vial del empalme Terrabona- Terrabona, Matagalpa, Usando el Software AutoCAD Civil 3D |
| 260 | |a Managua |b UNI |c 2015 | ||
| 300 | |a 81 p. :il. | ||
| 500 | |a Contiene: anexos. | ||
| 502 | |a Tesis (Ingeniero Civil)- UNI, 2015. | ||
| 520 | 3 | |a Expone el diseño geométrico a implementarse en un camino ofrece un mejor nivel de servicio al usuario certificando las mejoras de la vía acondicionándola a su entorno panorámico, usando las normas para Diseño Geométrico de las Carreteras Regionales, SIECA, edición 2004. | |
| 650 | 7 | |a TRAZOS EN INGENIERIA | |
| 650 | 7 | |b CONSTRUCCION DE CARRETERAS | |
| 650 | 7 | |c CAMINOS | |
| 650 | 7 | |d TOPOGRAFIA-DISEÑO Y CONSTRUCCION | |
| 650 | 7 | |e DRENAJE VIAL | |
| 650 | 7 | |f DESEÑO HIDRAULICO | |
| 700 | 1 | |a Tutor: |b Bustamante Arteaga, José Fernando | |
| 942 | |c BK |2 ddc | ||
| 991 | |a TESIS | ||
| 999 | |c 15999 | ||